<?xml version="1.0" encoding="UTF-8"?><?xml-stylesheet type="text/xsl" href="static/style.xsl"?><OAI-PMH xmlns="http://www.openarchives.org/OAI/2.0/" xmlns:xsi="http://www.w3.org/2001/XMLSchema-instance" xsi:schemaLocation="http://www.openarchives.org/OAI/2.0/ http://www.openarchives.org/OAI/2.0/OAI-PMH.xsd"><responseDate>2026-04-13T07:51:25Z</responseDate><request verb="GetRecord" identifier="oai:www.recercat.cat:2117/340273" metadataPrefix="marc">https://recercat.cat/oai/request</request><GetRecord><record><header><identifier>oai:recercat.cat:2117/340273</identifier><datestamp>2025-07-17T08:39:33Z</datestamp><setSpec>com_2072_1033</setSpec><setSpec>col_2072_452950</setSpec></header><metadata><record xmlns="http://www.loc.gov/MARC21/slim" xmlns:dcterms="http://purl.org/dc/terms/" xmlns:xsi="http://www.w3.org/2001/XMLSchema-instance" xmlns:doc="http://www.lyncode.com/xoai" xsi:schemaLocation="http://www.loc.gov/MARC21/slim http://www.loc.gov/standards/marcxml/schema/MARC21slim.xsd">
   <leader>00925njm 22002777a 4500</leader>
   <datafield ind2=" " ind1=" " tag="042">
      <subfield code="a">dc</subfield>
   </datafield>
   <datafield ind2=" " ind1=" " tag="720">
      <subfield code="a">Gangolells Solanellas, Marta</subfield>
      <subfield code="e">author</subfield>
   </datafield>
   <datafield ind2=" " ind1=" " tag="720">
      <subfield code="a">Casals Casanova, Miquel</subfield>
      <subfield code="e">author</subfield>
   </datafield>
   <datafield ind2=" " ind1=" " tag="260">
      <subfield code="c">2019-09-06</subfield>
   </datafield>
   <datafield ind2=" " ind1=" " tag="520">
      <subfield code="a">Este informe representa el hito número 3 del proyecto de investigación EOFF - Soluciones individualizadas ambientalmente y económicamente sostenibles para la rehabilitación energética del parque de edificios de oficinas (BIA2016-75382-R), financiado por el Ministerio de Economía, Industria y Competitividad a través Programa Estatal de Investigación, Desarrollo e Innovación Orientada a los Retos de la Sociedad.</subfield>
   </datafield>
   <datafield ind2=" " ind1=" " tag="520">
      <subfield code="a">Este informe representa el hito número 3 del proyecto de investigación EOFF - Soluciones individualizadas ambientalmente y económicamente sostenibles para la rehabilitación energética del parque de edificios de oficinas (BIA2016-75382-R), financiado por el Ministerio de Economía, Industria y Competitividad a través Programa Estatal de Investigación, Desarrollo e Innovación Orientada a los Retos de la Sociedad. El objetivo general de este proyecto es el desarrollo de un modelo integrado para la determinación de la solución óptima de rehabilitación energética del parque de edificios de oficinas, teniendo en cuenta las repercusiones energéticas, económicas y ambientales asociadas a diferentes medidas de mejora y particularizadas a las características del edificio objeto de análisis. Este informe describe el resultado de los trabajos realizados en el marco de la Tarea 3 - Evaluación del ahorro energético asociado a la aplicación de cada medida de mejora para cada una de las tipologías edificatorias identificadas. En este documento se adjunta la metodología seguida para la obtención del ahorro energético asociado a la aplicación de las medidas de mejora identificadas en la Tarea 2 de este proyecto. La clasificación por tipologías edificatorias de referencia se ha repetido mediante una nueva aproximación que resulta en un número menor de ellas. Además, se incluyen las características técnicas de las medidas de rehabilitación necesarias para realizar las simulaciones, cuyos resultados se muestran y analizan.</subfield>
   </datafield>
   <datafield ind2=" " ind1=" " tag="520">
      <subfield code="a">Preprint</subfield>
   </datafield>
   <datafield tag="653" ind2=" " ind1=" ">
      <subfield code="a">Àrees temàtiques de la UPC::Edificació::Instal·lacions i acondicionament d'edificis</subfield>
   </datafield>
   <datafield tag="653" ind2=" " ind1=" ">
      <subfield code="a">Office buildings -- Spain</subfield>
   </datafield>
   <datafield tag="653" ind2=" " ind1=" ">
      <subfield code="a">Oficinas</subfield>
   </datafield>
   <datafield tag="653" ind2=" " ind1=" ">
      <subfield code="a">Medidas de eficiencia energética</subfield>
   </datafield>
   <datafield tag="653" ind2=" " ind1=" ">
      <subfield code="a">Rehabilitación energética</subfield>
   </datafield>
   <datafield tag="653" ind2=" " ind1=" ">
      <subfield code="a">Edificis d'oficines -- Espanya</subfield>
   </datafield>
   <datafield ind2="0" ind1="0" tag="245">
      <subfield code="a">Evaluación del ahorro energético asociado a la aplicación de las medidas de mejora energética</subfield>
   </datafield>
</record></metadata></record></GetRecord></OAI-PMH>